Théatre complet / (Record no. 69150)
[ view plain ]
| 000 -LEADER | |
|---|---|
| campo de control de longitud fija | 00716nam a2200169 i 4500 |
| 001 - NÚMERO DE CONTROL | |
| campo de control | 69150 |
| 003 - IDENTIFICADOR DE NÚMERO DE CONTROL | |
| campo de control | ES-MaACL |
| 005 - FECHA Y HORA DE LA ÚLTIMA TRANSACCIÓN | |
| campo de control | 20230906170440.0 |
| 007 - CAMPO FIJO DE DESCRIPCIÓN FÍSICA--INFORMACIÓN GENERAL | |
| campo de control de longitud fija | t| |
| 008 - DATOS DE LONGITUD FIJA--INFORMACIÓN GENERAL | |
| campo de control de longitud fija | 040915m19211931fr ||||1| fre d |
| 100 1# - ENTRADA PRINCIPAL--NOMBRE DE PERSONA | |
| Nombre de persona | Lenormand, Henri René. |
| 9 (RLIN) | 71539 |
| 245 10 - MENCIÓN DEL TÍTULO | |
| Título | Théatre complet / |
| Mención de responsabilidad, etc. | H. R. Lenormand. |
| 260 ## - PUBLICACIÓN, DISTRIBUCIÓN, ETC. | |
| Lugar de publicación, distribución, etc. | Paris : |
| Nombre del editor, distribuidor, etc. | Les Éditions G. Crès et Cie, |
| Fecha de publicación, distribución, etc. | 1921-931 ( |
| Lugar de fabricación/manufactura | Tours : |
| Fabricante | E. Arrault et Cie) |
| 300 ## - DESCRIPCIÓN FÍSICA | |
| Extensión | 7 v. ; |
| Dimensiones | 19 cm. |
| 505 8# - NOTA DE CONTENIDO CON FORMATO | |
| Nota de contenido con formato | Contiene: 1. Les ratés. Les temps est un souge -- 2. Le simoun. Le maugeur de reves -- 3. La dent rouge. Une vie secrete -- 4. L'homme et ses fantomes. A l'ombre du mal -- 6. L'amour magicien. L'innocente -- 7. Mixture |
| 852 ## - LOCALIZACIÓN | |
| Ubicación | ES-MaACL |
| Número de control de estantería | A-2612-18 |
| condición física | .- Falta vol. 5º |
| Estatus retirado | Estado de pérdida | Estado de daño | No para préstamo | Biblioteca de origen | Biblioteca actual | Ubicación en estantería | Fecha de adquisición | Fuente de adquisición | Total de préstamos | Signatura topográfica completa | Código de barras | Visto por última vez | Precio de reemplazo | Tipo de ítem Koha |
|---|---|---|---|---|---|---|---|---|---|---|---|---|---|---|
| Biblioteca del Ateneo de Madrid | Biblioteca del Ateneo de Madrid | Sala Pecera Planta 1 | 17/01/2008 | A-2612-18 | 1072409 | 23/02/2023 | 23/02/2023 | Libro impreso |
